| 000 | 01110cam a22003257a 4500 | ||
|---|---|---|---|
| 003 | CHAP | ||
| 005 | 20220329135031.0 | ||
| 008 | 971013s1959 r 00010 d | ||
| 010 | _a29873 | ||
| 011 | _a30845 | ||
| 035 | _a34957 | ||
| 040 | _cCHAP | ||
| 082 |
_a349.46 _bM3 |
||
| 100 | 0 | 0 |
_aMalagón Barceló, Javier. _969983 |
| 245 | 1 | 3 | _aLa literatura jurídica española del siglo de oro en la Nueva España |
| 260 |
_aMéxico, D.F. : _bBiblioteca Nacional, _c1959 |
||
| 300 | _a173 p | ||
| 490 | 0 |
_aInstituto Bibliográfico Mexicano. Publicación _v; 3 |
|
| 590 |
_aBATCH-UPD _b10 _c20130110 _lUCH01 _h0239 |
||
| 590 |
_aBATCH-UPD _b10 _c20130110 _lUCH01 _h2245 |
||
| 590 |
_aBATCH-UPD _b10 _c20130409 _lUCH01 _h2305 |
||
| 590 |
_aBATCH-UPD _b10 _c20130410 _lUCH01 _h1539 |
||
| 590 |
_aBATCH-UPD _b10 _c20130914 _lUCH01 _h1740 |
||
| 590 |
_aCONVERSION _b10 _c20130109 _lUCH01 _h1317 |
||
| 650 | 1 | 4 |
_aDerecho _xEspaña. _931863 |
| 830 | 0 |
_aInstituto Bibliográfico Mexicano. Publicación _v; 3 _959069 |
|
| 901 | _aBK | ||
| 942 | _cLIBRO | ||
| 949 |
_a349.46 M3 _bBC _cLIBRO _d33724000381315 _eLIBRO _h26312 _i34957 _si |
||
| 999 |
_c29873 _d29873 |
||